Dictator to Country Match - Statistics

General Stats
  • This quiz has been taken 99 times
  • The average score is 13 of 16
Answer Stats
Hint Answer % Correct
Adolf Hitler Germany
100%
Kim Jong-un NorthKorea
100%
Joseph Stalin USSR
100%
Benito Mussolini Italy
98%
Mao Zedong China
97%
Saddam Hussein Iraq
97%
Fidel Castro Cuba
95%
Francisco Franco Spain
91%
Muammar Gaddafi Libya
88%
Bashar al-Assad Syria
83%
Nicolás Maduro Venezuela
74%
Idi Amin Uganda
73%
Manuel Noriega Panama
51%
Pervez Musharraf Pakistan
42%
Omar al-Bashir Sudan
42%
Mobutu Sese Seko Democratic Republic of Congo
37%
No matching quizzes found
Score Distribution
Percent of People with Each Score
Percentile by Number Answered
Your Score History
You have not taken this quiz